[Event "Mittelfranken-chTB2b 1718"]
[Site "Mittelfranken"]
[Date "2018.03.04"]
[Round "6.2"]
[White "Thoma, Christian"]
[Black "Herbst, Thomas"]
[Result "1/2-1/2"]
[WhiteElo "1689"]
[BlackElo "1839"]
[PlyCount "42"]
[EventDate "2017.10.08"]
[EventType "team-tourn"]
[EventRounds "9"]
[EventCountry "GER"]
[SourceTitle "EXT 2022"]
[Source "ChessBase"]
[SourceDate "2021.10.06"]
[SourceVersion "1"]
[SourceVersionDate "2021.10.06"]
[SourceQuality "1"]
[WhiteTeam "Schnaittach"]
[BlackTeam "Nuernberg SK 1911 II"]
[WhiteTeamCountry "GER"]
[BlackTeamCountry "GER"]

1. e4 e5 2. f4 exf4 3. Nf3 g5 4. Bc4 Bg7 5. 0-0 d6 6. d4 h6 7. c3 Ne7 8. Qb3 0-0 9. h4 Ng6 10. Na3 Nc6 11. Qb5 a6 12. Qa4 Bg4 13. hxg5 hxg5 14. Qd1 Qe7 15. Qd3 Na5 16. Nh2 Bd7 17. g3 Nxc4 18. Nxc4 fxg3 19. Qxg3 Qxe4 20. Bxg5 Rae8 21. Nd2 Qc2 1/2-1/2

[Event "Oberliga Wuerttemberg 1718"]
[Site "Wuerttemberg"]
[Date "2017.12.10"]
[Round "5"]
[White "Montigel, Philipp"]
[Black "Thoma, Christian"]
[Result "1/2-1/2"]
[WhiteElo "2059"]
[BlackElo "2214"]
[PlyCount "48"]
[EventDate "2017.09.17"]
[EventType "team-tourn"]
[EventRounds "9"]
[EventCountry "GER"]
[SourceTitle "EXT 2019"]
[Source "ChessBase"]
[SourceDate "2018.10.10"]
[SourceVersion "1"]
[SourceVersionDate "2018.10.10"]
[SourceQuality "1"]
[WhiteTeam "Stuttgart Wolfbusch"]
[BlackTeam "Schmiden Cannstatt"]
[WhiteTeamCountry "GER"]
[BlackTeamCountry "GER"]

1. d4 Nf6 2. Nf3 e6 3. Bf4 b6 4. h3 Bb7 5. e3 Bd6 6. Bxd6 cxd6 7. Bd3 0-0 8. Nbd2 d5 9. Qe2 d6 10. c4 dxc4 11. Nxc4 Qe7 12. 0-0 Nbd7 13. a4 Bxf3 14. Qxf3 d5 15. Ne5 Nxe5 16. dxe5 Nd7 17. Qf4 Rac8 18. Rfc1 a5 19. Qd4 Qb4 20. Ba6 Rxc1+ 21. Rxc1 Nc5 22. Qxb4 axb4 23. Bb5 Ra8 24. Ra1 Kf8 1/2-1/2

[Event "BL2-Sued 1415"]
[Site "Germany"]
[Date "2015.03.15"]
[Round "8.6"]
[White "Thoma, Christian"]
[Black "Zude, Arno"]
[Result "0-1"]
[WhiteElo "2265"]
[BlackElo "2381"]
[PlyCount "44"]
[EventDate "2014.09.21"]
[EventType "team-tourn"]
[EventRounds "9"]
[EventCountry "GER"]
[SourceTitle "CBM 166 Extra"]
[Source "ChessBase"]
[SourceDate "2015.06.18"]
[SourceVersion "1"]
[SourceVersionDate "2015.06.18"]
[SourceQuality "1"]
[WhiteTeam "Schmiden Cannstatt"]
[BlackTeam "Hofheim"]
[WhiteTeamCountry "GER"]
[BlackTeamCountry "GER"]

1. d4 Nf6 2. c4 e6 3. Nc3 Bb4 4. e3 b6 5. Nge2 Ba6 6. a3 Bxc3+ 7. Nxc3 d5 8. b3 0-0 9. Bd3 dxc4 10. bxc4 Nc6 11. f4 Na5 12. Qe2 c5 13. dxc5 Nb3 14. Rb1 Nxc5 15. Bc2 Rc8 16. 0-0 Bxc4 17. Qxc4 Nce4 18. Qa6 Nxc3 19. Rb4 b5 20. Kh1 Ne2 21. Rb2 Nxc1 22. Rxc1 Qd2 0-1

[Event "BL2-Sued 1415"]
[Site "Germany"]
[Date "2014.09.21"]
[Round "1.6"]
[White "Thoma, Christian"]
[Black "Bewersdorff, Oliver"]
[Result "1/2-1/2"]
[WhiteElo "2265"]
[BlackElo "2301"]
[PlyCount "67"]
[EventDate "2014.09.21"]
[EventType "team-tourn"]
[EventRounds "9"]
[EventCountry "GER"]
[SourceTitle "CBM 166 Extra"]
[Source "ChessBase"]
[SourceDate "2015.06.18"]
[SourceVersion "1"]
[SourceVersionDate "2015.06.18"]
[SourceQuality "1"]
[WhiteTeam "Schmiden Cannstatt"]
[BlackTeam "Mainz Schott"]
[WhiteTeamCountry "GER"]
[BlackTeamCountry "GER"]

1. d4 d5 2. c4 e6 3. Nc3 Be7 4. Nf3 Nf6 5. Bg5 h6 6. Bh4 0-0 7. e3 b6 8. Rc1 Bb7 9. Bxf6 Bxf6 10. cxd5 exd5 11. Be2 Re8 12. 0-0 c6 13. b4 Qd6 14. Qb3 Nd7 15. Rfd1 a6 16. Bd3 g6 17. e4 Bg7 18. e5 Qe7 19. h4 Nf8 20. Re1 Ne6 21. Ne2 b5 22. h5 g5 23. Ng3 a5 24. bxa5 Rxa5 25. Bb1 Ra4 26. Nf5 Qd7 27. Nd6 Rd8 28. Qc2 Nf8 29. Nxb7 Qxb7 30. Qxc6 Qxc6 31. Rxc6 Ne6 32. Bf5 Nxd4 33. Nxd4 Rxd4 34. e6 1/2-1/2

[Event "Oberliga Wuerttemberg 0809"]
[Site "Wuerttemberg"]
[Date "2009.03.29"]
[Round "9.5"]
[White "Thoma, Christian"]
[Black "Zimber, Armin"]
[Result "1-0"]
[WhiteElo "2236"]
[BlackElo "2076"]
[PlyCount "65"]
[EventDate "2008.10.12"]
[EventType "team-tourn"]
[EventRounds "9"]
[EventCountry "GER"]
[SourceTitle "EXT 2019"]
[Source "ChessBase"]
[SourceDate "2018.10.10"]
[SourceVersion "1"]
[SourceVersionDate "2018.10.10"]
[SourceQuality "1"]
[WhiteTeam "Schmiden/Cannstatt"]
[BlackTeam "Feuerbach"]
[WhiteTeamCountry "GER"]
[BlackTeamCountry "GER"]

1. e4 c6 2. d4 d5 3. Nc3 dxe4 4. Nxe4 Nd7 5. Ng5 Ngf6 6. Bd3 h6 7. Ne6 Qb6 8. Nf3 fxe6 9. Bg6+ Kd8 10. 0-0 a5 11. Qe2 Qc7 12. g3 b5 13. Bf4 Qb6 14. Qxe6 Bb7 15. Ne5 Nxe5 16. dxe5 Nd5 17. Rad1 Kc7 18. Qf7 Rd8 19. e6+ Kc8 20. Be5 h5 21. h4 Rh6 22. Rd2 Nf6 23. Rfd1 Nd5 24. a4 b4 25. c4 bxc3 26. bxc3 Ba6 27. Rb1 Qa7 28. Rb8+ Qxb8 29. Bxb8 Kxb8 30. Rd4 Rxg6 31. Qxg6 Kc7 32. Qxh5 Nf6 33. Qxa5+ 1-0

[Event "Oberliga Wuerttemberg 0809"]
[Site "Wuerttemberg"]
[Date "2009.02.01"]
[Round "6.3"]
[White "Latzke, Boris Alexander"]
[Black "Thoma, Christian"]
[Result "0-1"]
[WhiteElo "2201"]
[BlackElo "2236"]
[PlyCount "66"]
[EventDate "2008.10.12"]
[EventType "team-tourn"]
[EventRounds "9"]
[EventCountry "GER"]
[SourceTitle "EXT 2019"]
[Source "ChessBase"]
[SourceDate "2018.10.10"]
[SourceVersion "1"]
[SourceVersionDate "2018.10.10"]
[SourceQuality "1"]
[WhiteTeam "Bebenhausen"]
[BlackTeam "Schmiden/Cannstatt"]
[WhiteTeamCountry "GER"]
[BlackTeamCountry "GER"]

1. d4 Nf6 2. c4 c5 3. d5 e6 4. Nc3 exd5 5. cxd5 d6 6. e4 g6 7. h3 Bg7 8. Nf3 0-0 9. Bd3 Bd7 10. 0-0 b5 11. Re1 c4 12. Bc2 b4 13. Ne2 Re8 14. Ng3 Na6 15. Be3 Qa5 16. Nd4 Rac8 17. Rc1 Nc5 18. Bf4 Qb6 19. Be3 h5 20. f3 Nxd5 21. exd5 Rxe3 22. Rxe3 Nd3 23. Re4 Nxc1 24. Qxc1 Bxd4+ 25. Kh1 b3 26. Ne2 Bf6 27. Bb1 Bf5 28. Rf4 bxa2 29. Bxf5 Bxb2 30. Qe1 a1Q 31. Qxa1 Bxa1 32. Bxc8 Qb1+ 33. Ng1 c3 0-1

[Event "Oberliga Wuerttemberg 0809"]
[Site "Wuerttemberg"]
[Date "2008.10.26"]
[Round "2.3"]
[White "Thoma, Christian"]
[Black "Engelhart, Achim"]
[Result "0-1"]
[WhiteElo "2236"]
[BlackElo "2068"]
[PlyCount "98"]
[EventDate "2008.10.12"]
[EventType "team-tourn"]
[EventRounds "9"]
[EventCountry "GER"]
[SourceTitle "EXT 2019"]
[Source "ChessBase"]
[SourceDate "2018.10.10"]
[SourceVersion "1"]
[SourceVersionDate "2018.10.10"]
[SourceQuality "1"]
[WhiteTeam "Schmiden/Cannstatt"]
[BlackTeam "Ulm Post"]
[WhiteTeamCountry "GER"]
[BlackTeamCountry "GER"]

1. e4 e6 2. d4 d5 3. Nd2 c5 4. exd5 Qxd5 5. Ngf3 cxd4 6. Bc4 Qd6 7. 0-0 Nf6 8. Nb3 Nc6 9. Nbxd4 Nxd4 10. Nxd4 a6 11. Re1 Bd7 12. b3 Be7 13. a4 Qc7 14. Bb2 Rd8 15. Qf3 h5 16. Qe2 Qf4 17. Rad1 h4 18. Bc1 Qg4 19. f3 Qh5 20. Bxe6 fxe6 21. Nxe6 Bxe6 22. Qxe6 Qc5+ 23. Be3 Qc8 24. Rxd8+ Qxd8 25. Bc5 Ng8 26. Bb6 Qd7 27. Qe5 Kf7 28. Qe2 Nf6 29. Qc4+ Qd5 30. Qc7 Qd7 31. Qc4+ Kf8 32. Bc5 Bxc5+ 33. Qxc5+ Kf7 34. Qc4+ Kg6 35. Re5 h3 36. g4 Rd8 37. Kf2 Qd2+ 38. Re2 Qd6 39. Kg1 Qd1+ 40. Kf2 Qd6 41. Ke1 Qd1+ 42. Kf2 Rd2 43. a5 Kg5 44. Rxd2 Qxd2+ 45. Qe2 Qxe2+ 46. Kxe2 Kf4 47. c4 Nd7 48. b4 Ne5 49. c5 Nc6 0-1